000 00366nam a2200145Ia 4500
008 200103s9999||||xx |||||||||||||| ||und||
020 _a9788177584073
040 _aIMU-MPC
082 _aColumn-61
100 _aRutherfoord, Andrea J.
245 0 _aBasic communication skills for technology
260 _bPearson, London
_c2009
300 _axi, 399
942 _cBK
999 _c11028
_d11028